000 01063cam a22002295a 4500
001 L137551
008 070413s2007 xxka f f 001 0 eng d
020 _a1845374061
_a9781845374068
035 _a(Sirsi) u137551
041 0 _aeng
050 0 4 _a696.9 $2 18
100 1 _aHymers, Paul
245 0 0 _aConverting to an eco-friendly home
_bthe complete handbook
260 _aLondon
_bNew Holland Publishers Ltd
_c2006
300 _a176p.
_bill.
_c21cm.
350 _a7.99
505 2 _aIntroduction -- Light -- Power -- Heat -- Shelter -- Air -- Waste -- Water
520 _aDescribes alterations which homeowners can make themselves. Covers measures such as energy-saving lightbulbs, harvesting rainwater, and installing solar panels. Covers small adjustments and major projects. Includes tips on buying from sustainable sources, cutting down waste, using alternative energy and improving light and air quality in the home.
651 4 _aUnited Kingdom
_y
690 _aENVIRONMENTAL AND LAND CONSULTANCY-ENERGY-ENERGY USE-ENERGY EFFICIENCY
942 _n0
999 _c106821
_d106821